000 00773nam a2200265 i 4500
001 C2-0229121
003 PPAK
005 20180728155954.0
008 000919s1971 enka|||| ||||| | eng d
020 _a0001712756
040 _aPPAK
_beng
_cPPAK
_erda
082 0 4 _a428.6
_223
090 0 0 _a428.6
_bSEU
_dK
100 0 _aSeuss,
_cDr.
_eauthor
245 1 0 _aMr. Brown can moo ! Can you ?
264 1 _aLondon :
_bHarper Collins ,
_c1971
300 _a[26 pages] :
_bcolour illustrations ;
_c23 cm
336 _2rdacontent
_atext
337 _2rdamedia
_aunmediated
338 _2rdacarrier
_avolume
490 1 _aBright and early books for beginning beginners
650 1 0 _aReaders
830 0 _aBright and early books for beginning beginners
942 _ddc
_cB
999 _c148807
_d148807